00820nam a22002297a 450000500170000000800410001701000150005802000260007302000230009903500130012203700130013504000180014808200080016610000200017424501100019426000510030427000450035530000290040049000450042965000610047465000550053520110420110421.0110420t xxu||||| |||| 00| 0 eng d aENG-102245 a9780071074827c525.00 a0071074821c525.00 aEN-85778 bDBAD/PUB adplbEnglish  a350 aLaxmikanth, M.  aPublic administration for the UPSC and State Civil Services Preliminary Examinations /cby M. Laxmikanth  aNew Delhi bTata McGraw-Hill Publishing c2011 a7 West Patel Nagar, bNew Delhi e110008 axvi, 982p. c24cm (pbk)  aTata McGraw-Hill's winning edge series  a UPSC and State Civil Services Preliminary Examinations  aPublic administrationxExamination, question, etc.